Svetové enrgetické zdroje

Bibliographic Details
Format: Article
Language:Slovak
Subjects:
Source: 1. Hutnícka ročenka SR 2001 1. Košice : Slovenská hutnícka spoločnosť, 2001 1. S. 240-250
LEADER 00667naa a2200265 a 4500
001 000030413
003 SVKKK
005 20071026152846.0
008 030616c xo e slo
FMT
038 |a SVKKK 
040 |a SVKKK  |b slo  |e AACR2 
041 0 |a slo 
044 |a xo  |c SK 
080 |a 620.  |2 1981 
090 |a IV.186197 
245 0 0 |a Svetové enrgetické zdroje 
300 |b Obr., tab. 
650 0 4 |a zdroje energetické  |x ťazba  |x produkcia  |x prehľady 
773 0 |t Hutnícka ročenka SR 2001  |d Košice : Slovenská hutnícka spoločnosť, 2001  |g S. 240-250 
974 |d 021002  |a MI 
992 |a RZB 
BAS
852 |a SVKKK  |b BIB 
998 |a HUT